000 00619nam a22002057a 4500
999 _c21304
_d21304
003 AR-CdUCM
008 190411b ||||| |||| 00| 0 spa d
040 _aMUNICIPALIDAD PROVINCIAL DEL CUSCO
_cBIBLIOTECA MUNICIPAL DEL CUSCO
082 _aEP/869/M74
_bM74
100 _aMonge Rodríguez, Marleny
_944470
245 _aUn jardin de cuentos /
260 _aCusco ;
_bCreartec,
_c2017.
300 _a36 Páginas. :
_bilustraciones ;
_c20 cm.
505 _aCuentos
650 _aLiteratura infantil
_9588
650 _aCuentos
_944471
650 _aLiteratura cusqueña
_944463
942 _2ddc
_cLIBROS
945 _aRoel